• 首页
  • 本馆介绍
  • 公告通知
  • 最新文献
  • 馆藏检索
  • 电子资源
  • 读者导购
  • 参考咨询
  • 我的图书馆
  • 登录
  • 详细信息显示
  • 放入我的书架
  • 预约/预借图书
  • 作者相关作品
  • 分类相关作品
  • 丛书相关作品
  • 出版社相关作品

书目信息

  • 表格格式
  • 工作单格式
  • 卡片格式
题名:
环境矿物材料
    
 
作者: 商平 , 申俊峰 , 赵瑞华 编著
分册:  
出版信息: 北京   化学工业出版社  2008
页数: 273页
开本: 26cm
丛书名:
单 册:
中图分类: TB321
科图分类:
主题词: 非金属矿物--工程材料 , 非金属矿物 , 工程材料
电子资源:
ISBN: 978-7-122-01162-6
000 01014nam0 2200277 45
001 1050942031
005 20100420094359.85
010    @a978-7-122-01162-6@dCNY38.00
100    @a20100409d2008 em y0chiy0110 ea
101 0  @achi
102    @aCN@b110000
105    @ay z 000yy
106    @ar
200 1  @a环境矿物材料@AHuan Jing Kuang Wu Cai Liao@f商平,申俊峰,赵瑞华等编著@FShang Ping, Shen Jun Feng, Zhao Rui Hua Deng Bian Zhu
210    @a北京@c化学工业出版社@d2008
215    @a273页@d26cm
330    @a本书阐述了环境科学和矿物学领域的交叉学科和新的学科增长点——环境矿物材料的概念、基本性质、加工方法等,介绍了近年来国内外环境矿物材料在环境治理中的相关研究和应用所取得的成果。
606 0  @a非金属矿物@x工程材料
606 0  @a非金属矿物
606 0  @a工程材料
690    @aTB321@v4
701  0 @a商平@AShang Ping@4编著
701  0 @a申俊峰@AShen Jun Feng@f(1962~)@4编著
701  0 @a赵瑞华@AZhao Rui Hua@f(1975~)@4编著
801  0 @aCN@bTANGWEI@c20100420
905    @b0591992-96@dTB321@e204@f5
    
    环境矿物材料/商平,申俊峰,赵瑞华等编著.-北京:化学工业出版社,2008
    273页;26cm
    
    
    ISBN 978-7-122-01162-6:CNY38.00
    本书阐述了环境科学和矿物学领域的交叉学科和新的学科增长点——环境矿物材料的概念、基本性质、加工方法等,介绍了近年来国内外环境矿物材料在环境治理中的相关研究和应用所取得的成果。
●
相关链接 在E读中查询图书 在五车中查询图书 在当当中查询图书 在豆瓣中查询图书


正题名:环境矿物材料     索取号:TB321/204         预约/预借

序号 登录号 条形码 馆藏地/架位号 状态 备注
1 0591992   205919924   第二样本阅览室/ [索取号:TB321/204] 在馆    
2 0591993   205919933   密集书库-生命科学系/ [索取号:TB321/204] 在馆    
3 0591994   205919942   第三借阅区/ [索取号:TB321/204] 在馆    
4 0591995   205919951   第三借阅区/ [索取号:TB321/204] 在馆    
5 0591996   205919960   第三借阅区/ [索取号:TB321/204] 在馆    
唐山师范学院图书馆 欢迎您!
大连网信软件有限公司© 版权所有